Normal view
MARC view
- Geography
Entry Topical Term
001 - CONTROL NUMBER
- control field: 48883
003 - CONTROL NUMBER IDENTIFIER
- control field: OSt
005 - DATE AND TIME OF LATEST TRANSACTION
- control field: 20220806103104.0
008 - FIXED-LENGTH DATA ELEMENTS
- fixed length control field: 220806|| aca||aabn | a|a d
040 ## - CATALOGING SOURCE
- Original cataloging agency: OSt
- Transcribing agency: OSt
150 ## - HEADING--TOPICAL TERM
- Topical term or geographic name entry element: Geography
670 ## - SOURCE DATA FOUND
- Source citation: Work cat.: (OSt)28569: Kumar, H. D. 48882, Modern Concept Of Ecology, 2004